The Descentralisation discourse: post-fordist paradigm or neo-liberal cul-de-sac /
Na minha lista:
| Autor principal: | |
|---|---|
| Formato: | Texto |
| Assuntos: | |
| Tags: |
Adicionar Tag
Sem tags, seja o primeiro a adicionar uma tag!
|
MARC
| LEADER | 00000 a a2200000 04500 | ||
|---|---|---|---|
| 001 | 18652 | ||
| 003 | |||
| 040 | |||
| 100 | |a Schuurman, Frans J. | ||
| 245 | |a The Descentralisation discourse: post-fordist paradigm or neo-liberal cul-de-sac / |c Frans J. Schuurman | ||
| 650 | |a DESCENTRALIZACION | ||
| 650 | |a NEOLIBERALISMO | ||
| 650 | |a GOBIERNO LOCAL | ||
| 650 | |a ORGANIZACIONES INTERGUBERNAMENTALES | ||
| 650 | |a DEMOCRACIA | ||
| 650 | |a SOCIEDAD CIVIL | ||
| 650 | |a CAPITALISMO | ||
| 650 | |a TEORIA | ||
| 650 | |a DESARROLLO SUSTENTABLE | ||
| 650 | |a AJUSTE ESTRUCTURAL | ||
| 650 | |a IDENTIDAD CULTURAL | ||
| 773 | |g volumen 9, número 1; páginas 150-166 | ||
| 999 | |c 35588 |d 35588 | ||
